| 000 | 01061nam a2200217Ia 4500 | ||
|---|---|---|---|
| 003 | Ost | ||
| 005 | 20260507075043.0 | ||
| 008 | 260507s9999||||xx |||||||||||||| ||und|| | ||
| 040 | _cfsecg | ||
| 041 | _aara | ||
| 082 | _a350 | ||
| 100 |
_aمحمد ، موفق حديد _eمؤلف |
||
| 245 | 0 |
_aإدارة الأعمال الحكومية : _b النظريات والعمليات والموارد / _c موفق حديد محمد |
|
| 260 |
_a.عمان: _bدار المناهج, _c2002 |
||
| 300 |
_a498 صفحة؛ _bإيضاحات ؛ _c24 سم |
||
| 504 | _aمراجع ص.487 | ||
| 520 | _aالاطار النظري للادارة العامة، آلية الادارة العامة: هيكلة وتصميم الأجهزة الحكومية، ديناميكية الادارة العامة : العمليات و ممارسة الوظائف الادارية في المنظمات الحكومية ، موارد الادارة العامة و مستقبلها. | ||
| 653 | _aالادارة | ||
| 653 | _aالادارة العامة | ||
| 942 | _cكتاب | ||
| 999 |
_c42534 _d42534 |
||